La post-alfabetización como proceso social: el caso de Nicaragua

Bewaard in:
Bibliografische gegevens
Hoofdauteur: Torres, Rosa María
Formaat: Texto
Gepubliceerd in: San José: CSUCA
Tags: Voeg label toe
Geen labels, Wees de eerste die dit record labelt!

MARC

LEADER 00000 a a2200000 04500
001 20875
003
040
090 |a 089404  
100 |a Torres, Rosa María  
245 |a La post-alfabetización como proceso social: el caso de Nicaragua  
260 |a San José:   |b CSUCA  
300 |a 36 p.  
999 |c 1360  |d 1360